Analiz finansovoj dejatel'nosti predprijatija s ispol'zovanijem PEVM

Guardado en:
Detalles Bibliográficos
Autor principal: Kovbasjuk, Mark Romanovič
Otros Autores: Sokolovskaja, Zoja Nikolajevna, Bespalov, Vladimir Michajlovič
Formato: Libro
Lenguaje:ruso
Publicado: Moskva Finansy i statistika 1990
Edición:1. izd.
Etiquetas: Agregar Etiqueta
Sin Etiquetas, Sea el primero en etiquetar este registro!

MARC

LEADER 00000nam a2200000 4500
001 c040625
005 20221215135239.6
041 0 |a rus 
044 |a RU 
245 1 0 |a Analiz finansovoj dejatel'nosti predprijatija s ispol'zovanijem PEVM  |c Mark Romanovič Kovbasjuk, Zoja Nikolajevna Sokolovskaja, Vladimir Michajlovič Bespalov 
250 |a 1. izd. 
264 1 |a Moskva  |b Finansy i statistika  |c 1990 
300 |a 96 s. 
100 1 |a Kovbasjuk, Mark Romanovič 
700 1 |a Sokolovskaja, Zoja Nikolajevna 
700 1 |a Bespalov, Vladimir Michajlovič